| 000 | 00000nam##2200000za#4500 |
| 001 | 9.699164 |
| 003 | CaOODSP |
| 005 | 20210625000246 |
| 007 | cr ||||||||||| |
| 008 | 150407|1974||||xxc|||||o f|0| 0 eng|d |
| 040 | |aCaOODSP|beng |
| 043 | |an-cn--- |
| 086 | 1 |aA53-1533/1974E-PDF |
| 110 | 1 |aCanada.|bAgriculture Canada.|bResearch Branch. |
| 245 | 10|aTGA in potatoes / |h[electronic resource]|c[by] F.A. Wood and D.A. Young. |
| 260 | |aOttawa - Ontario : |bAgriculture Canada. |c1974. |
| 300 | |a4p.|btables |
| 500 | |aHistorical publication digitized by Agriculture and Agri-Food Canada. |
| 590 | |a14-11-Supp|b2014-05-21 |
| 690 | 07|aFood safety|2gcpds |
| 690 | 07|aPoisoning|2gcpds |
| 690 | 07|aPotatoes|2gcpds |
| 775 | 08|tGlucoalcaloïdes totaux des pommes de terre / |w(CaOODSP)9.643082 |
| 856 | 40|ahttp://publications.gc.ca|qPDF|s269 KB|uhttps://publications.gc.ca/collections/collection_2014/aac-aafc/agrhist/A53-1533-1974-eng.pdf |
| 986 | |a1533 |